000 01093nam2a22002531 4500
001 RU\NLR\INFOCOMM4\1000555563
005 20250617063524.0
035 _a(NLR Aleph) 002525149
090 _a2799002
_c2799002
100 _a20040422d1986 |||y0rusy50 ca
101 0 _arus
102 _aRU
105 _ay |||||||||
200 1 _aБиологическая активность вирусных и клеточных онкогенов
_fА. Г. Татосян и др.
210 _d1986
_aБ. м.
461 0 _1001RU\NLR\INFOCOMM4\1000555534
_12001#$aМедицина и здравоохранение$iСерия "Обзоры по важнейшим проблемам медицины"$v1986, Вып.1
_92798754
_cМ.
_d1978-
_iСерия "Обзоры по важнейшим проблемам медицины"
_tМедицина и здравоохранение
_v1986, Вып.1
700 1 _aТатосян
_bА. Г.
_4070
801 1 _aRU
_bInfoComm
_c20040422
801 0 _aRU
_bNLR
_gPSBO
852 _aNLR
_jП16/1496
942 _cISSUE
980 _aNB
980 _aRUSPER